[Event "GER-ch 2014-E-V4 serv"]
[Site "GER email"]
[Date "2014.12.08"]
[Round "?"]
[White "Opitz, Peter"]
[Black "Reichgeld, Manfred"]
[Result "1/2-1/2"]
[WhiteElo "1886"]
[BlackElo "1991"]
[PlyCount "97"]
[EventDate "2014.12.22"]
[EventType "tourn (corr)"]
[EventRounds "6"]
[EventCountry "GER"]
[SourceTitle "Corr 2020"]
[Source "ChessBase"]
[SourceDate "2019.09.30"]
[SourceVersion "1"]
[SourceVersionDate "2019.09.30"]
[SourceQuality "1"]

1. Nf3 d5 2. g3 Nf6 3. Bg2 c5 4. 0-0 Nc6 5. d3 e5 6. Nbd2 Be7 7. e4 dxe4 8. dxe4 Qc7 9. c3 0-0 10. Qc2 Rd8 11. b3 Be6 12. Re1 b5 13. Ng5 Bg4 14. h3 Bc8 15. Nf1 h6 16. Nf3 a5 17. Ne3 Be6 18. Bb2 a4 19. Red1 axb3 20. axb3 Rxa1 21. Rxa1 b4 22. Nc4 Nd7 23. Bf1 Rb8 24. cxb4 Nxb4 25. Qd1 Nc6 26. h4 Nd4 27. Nfd2 Bf8 28. Bc3 Qb7 29. Ra2 Ra8 30. Ra4 Rd8 31. Qb1 Qb8 32. Ra6 Qb7 33. Qa2 Rb8 34. Ra7 Qc8 35. Qa1 Qe8 36. Kh2 h5 37. Kg2 g6 38. Kh1 Bh6 39. Kg1 Kh7 40. Bxd4 cxd4 41. Qa4 Bg7 42. Qc6 Rc8 43. Nd6 Rxc6 44. Nxe8 Rc1 45. Kg2 Nc5 46. Bc4 Bxc4 47. Nxc4 Kg8 48. Ra8 Bf8 49. Nf6+ 1/2-1/2

[Event "GER-ch 2014-C-V7 serv"]
[Site "GER email"]
[Date "2014.07.08"]
[Round "?"]
[White "Opitz, Peter"]
[Black "Kocks, Friedhelm"]
[Result "0-1"]
[WhiteElo "1950"]
[BlackElo "2128"]
[PlyCount "78"]
[EventDate "2014.07.10"]
[EventType "tourn (corr)"]
[EventRounds "6"]
[EventCountry "GER"]
[SourceTitle "Corr 2015"]
[Source "ChessBase"]
[SourceDate "2015.07.17"]
[SourceVersion "1"]
[SourceVersionDate "2015.07.17"]
[SourceQuality "1"]

1. Nf3 Nf6 2. d4 d5 3. c4 c6 4. e3 Bg4 5. h3 Bh5 6. Nbd2 e6 7. Be2 Nbd7 8. 0-0 Bd6 9. c5 Bb8 10. b4 Qc7 11. g3 Bg6 12. b5 h6 13. Nh4 Bh7 14. Qa4 a6 15. b6 Qd8 16. Bb2 Ne4 17. Nxe4 Bxe4 18. Qd1 h5 19. Bf3 g5 20. Ng2 Bxf3 21. Qxf3 Nf6 22. Qe2 Ne4 23. Rac1 f5 24. Bc3 Kd7 25. Rc2 Qe7 26. Be1 h4 27. g4 Qh7 28. Rc1 fxg4 29. Qxg4 Rg8 30. f4 gxf4 31. Qxh4 Qg7 32. Qg4 fxe3 33. Qxg7+ Rxg7 34. Bh4 Bg3 35. Bxg3 Nxg3 36. Kh2 Nxf1+ 37. Rxf1 Rxg2+ 38. Kxg2 Rg8+ 39. Kf3 Rf8+ 0-1

[Event "GER-ch 2014-B-V5 serv"]
[Site "GER email"]
[Date "2014.04.27"]
[Round "?"]
[White "Opitz, Peter"]
[Black "Packroff, Hermann"]
[Result "0-1"]
[WhiteElo "1950"]
[BlackElo "2000"]
[PlyCount "148"]
[EventDate "2014.05.15"]
[EventType "tourn (corr)"]
[EventRounds "6"]
[EventCountry "GER"]
[SourceTitle "Corr 2020"]
[Source "ChessBase"]
[SourceDate "2019.09.30"]
[SourceVersion "1"]
[SourceVersionDate "2019.09.30"]
[SourceQuality "1"]

1. Nf3 Nf6 2. c4 e6 3. g3 d5 4. Bg2 Be7 5. 0-0 0-0 6. d4 dxc4 7. Qc2 a6 8. a4 Nc6 9. Qxc4 Qd5 10. Nbd2 Rd8 11. e3 Qh5 12. h3 Bd7 13. Qe2 Nd5 14. Nb3 b6 15. e4 Ndb4 16. Rd1 a5 17. Bf4 Bd6 18. Bd2 f6 19. e5 fxe5 20. g4 Qe8 21. Nxe5 Bxe5 22. dxe5 Nc2 23. Rac1 N2d4 24. Nxd4 Nxd4 25. Qd3 c5 26. Bxa8 Rxa8 27. Bc3 Bxa4 28. Re1 Rd8 29. Bxd4 Rxd4 30. Qe3 Qd7 31. Rc3 c4 32. Rec1 Qd5 33. Qf3 Qxf3 34. Rxf3 Bb3 35. Kf1 b5 36. Ke2 b4 37. Rxb3 cxb3 38. Rc8+ Kf7 39. Ra8 Re4+ 40. Kd3 Rxe5 41. Kc4 h5 42. Kxb3 h4 43. Kc4 Re4+ 44. Kb3 Rf4 45. Rxa5 Rxf2 46. Kxb4 Rxb2+ 47. Kc4 Kf6 48. Rh5 g5 49. Rh6+ Kf7 50. Rh7+ Kg6 51. Rd7 Rg2 52. Rd1 Rg3 53. Rh1 Kf6 54. Kd4 Ra3 55. Ke4 Ra4+ 56. Kf3 Ke5 57. Re1+ Kd5 58. Re3 e5 59. Rd3+ Rd4 60. Re3 e4+ 61. Ke2 Ke5 62. Rb3 Rd3 63. Rb5+ Rd5 64. Rb8 Kf4 65. Rf8+ Kg3 66. Rf5 Rd8 67. Rxg5 Kxh3 68. Ke3 Re8 69. Ra5 Kg3 70. g5 h3 71. g6 h2 72. Ra1 Rg8 73. Kxe4 Rxg6 74. Ke5 Rh6 0-1

[Event "GER MS-196 email"]
[Site "GER email"]
[Date "2014.04.11"]
[Round "?"]
[White "Jankowiak, Andreas"]
[Black "Opitz, Peter"]
[Result "1-0"]
[WhiteElo "2013"]
[BlackElo "1950"]
[PlyCount "73"]
[EventDate "2014.04.21"]
[EventType "tourn (corr)"]
[EventRounds "6"]
[EventCountry "GER"]
[SourceTitle "Corr 2015"]
[Source "ChessBase"]
[SourceDate "2015.07.17"]
[SourceVersion "1"]
[SourceVersionDate "2015.07.17"]
[SourceQuality "1"]

1. d4 Nf6 2. c4 g6 3. g3 Bg7 4. Bg2 0-0 5. Nc3 d6 6. Nf3 Nbd7 7. 0-0 e5 8. e4 exd4 9. Nxd4 Re8 10. h3 Nc5 11. Re1 a5 12. Ndb5 Bd7 13. Bf4 Bc6 14. Qc2 Nfd7 15. Rad1 Na6 16. Be3 Ndc5 17. a3 h5 18. f4 Qe7 19. Bf2 Rad8 20. b3 Bh8 21. Nd5 Bxd5 22. cxd5 Qd7 23. Qc4 a4 24. bxa4 Bg7 25. e5 Ra8 26. e6 Qe7 27. Qc2 f5 28. g4 hxg4 29. hxg4 Rf8 30. gxf5 Rxf5 31. Nd4 Rxf4 32. Qxg6 Raf8 33. Be3 R4f6 34. Qg4 Qe8 35. Bg5 Qg6 36. Bh3 Kh7 37. e7 1-0

[Event "GER MS-196 email"]
[Site "GER email"]
[Date "2014.04.11"]
[Round "?"]
[White "Opitz, Peter"]
[Black "Schludecker, Elke"]
[Result "1/2-1/2"]
[WhiteElo "1950"]
[BlackElo "2004"]
[PlyCount "91"]
[EventDate "2014.04.21"]
[EventType "tourn (corr)"]
[EventRounds "6"]
[EventCountry "GER"]
[SourceTitle "Corr 2015"]
[Source "ChessBase"]
[SourceDate "2015.07.17"]
[SourceVersion "1"]
[SourceVersionDate "2015.07.17"]
[SourceQuality "1"]

1. Nf3 Nf6 2. c4 e6 3. Nc3 c5 4. g3 b6 5. e4 Bb7 6. d3 Be7 7. Bg2 0-0 8. 0-0 d6 9. b3 a6 10. Bb2 Nbd7 11. Qe2 Ne5 12. Rfd1 Nxf3+ 13. Bxf3 Nd7 14. d4 Qc7 15. Bg2 cxd4 16. Rxd4 Rac8 17. Rd2 Rfd8 18. Rad1 Re8 19. h3 h6 20. Kh2 Bc6 21. f4 Rcd8 22. Qe3 b5 23. cxb5 axb5 24. Ba3 Nc5 25. e5 Nb7 26. Qe2 dxe5 27. Bxe7 Rxd2 28. Rxd2 Bxg2 29. Bb4 Bc6 30. Qxe5 Qb6 31. Ne4 Rd8 32. Rxd8+ Nxd8 33. Qc5 Qb7 34. Nc3 Bh1 35. Qg1 Bf3 36. Qe3 Bh1 37. Qd2 Nc6 38. Bc5 b4 39. Na4 Be4 40. Qe2 Nb8 41. Nb6 Na6 42. Bf2 Nc7 43. Bc5 Bg6 44. g4 Bb1 45. Qe5 f6 46. Qe3 1/2-1/2

[Event "GER-chT10 KJ-32 Br03 email"]
[Site "GER email"]
[Date "2013.10.04"]
[Round "?"]
[White "Mueller, Achim"]
[Black "Opitz, Peter"]
[Result "1-0"]
[WhiteElo "2088"]
[BlackElo "1959"]
[PlyCount "97"]
[EventDate "2013.10.15"]
[EventType "tourn (corr)"]
[EventRounds "4"]
[EventCountry "GER"]
[SourceTitle "Corr 2015"]
[Source "ChessBase"]
[SourceDate "2015.07.17"]
[SourceVersion "1"]
[SourceVersionDate "2015.07.17"]
[SourceQuality "1"]

1. d4 Nf6 2. c4 g6 3. Nc3 d5 4. Nf3 Bg7 5. Qb3 dxc4 6. Qxc4 0-0 7. e4 a6 8. Be2 b5 9. Qb3 Nc6 10. e5 Be6 11. exf6 Bxb3 12. fxg7 Kxg7 13. axb3 Nxd4 14. Nxd4 Qxd4 15. 0-0 c6 16. Bf3 Qd7 17. b4 Rfd8 18. Ne4 h6 19. Bd2 e5 20. Bc3 Qe7 21. Ra5 Kh7 22. Nc5 Rd6 23. Re1 f6 24. Nxa6 f5 25. Rxe5 Re6 26. Rxe6 Qxe6 27. g3 Qc4 28. Nc7 Rxa5 29. bxa5 b4 30. Be5 g5 31. a6 Qc5 32. Bg2 h5 33. Bd6 Qd4 34. Bf1 Kg6 35. Bxb4 h4 36. Bd6 f4 37. b4 fxg3 38. hxg3 Qxd6 39. a7 hxg3 40. a8Q gxf2+ 41. Kg2 Qxc7 42. Qg8+ Kf6 43. Qf8+ Ke6 44. Bc4+ Kd7 45. Qf5+ Kd8 46. Qxg5+ Kc8 47. Qg8+ Kb7 48. Qf7 f1Q+ 49. Kxf1 1-0

[Event "GER-chT10 KJ-32 Br03 email"]
[Site "GER email"]
[Date "2013.10.04"]
[Round "?"]
[White "Opitz, Peter"]
[Black "Joachimsthaler, Karl"]
[Result "0-1"]
[WhiteElo "1959"]
[BlackElo "1821"]
[PlyCount "134"]
[EventDate "2013.10.15"]
[EventType "tourn (corr)"]
[EventRounds "4"]
[EventCountry "GER"]
[SourceTitle "Corr 2015"]
[Source "ChessBase"]
[SourceDate "2015.07.17"]
[SourceVersion "1"]
[SourceVersionDate "2015.07.17"]
[SourceQuality "1"]

1. Nf3 Nf6 2. c4 e6 3. Nc3 d5 4. d4 Be7 5. Bg5 Nbd7 6. e3 c6 7. Qc2 0-0 8. a3 h6 9. Bh4 b6 10. Be2 Bb7 11. 0-0 dxc4 12. Bxc4 c5 13. Rfd1 Bxf3 14. gxf3 cxd4 15. Rxd4 Qc8 16. Rad1 Bc5 17. Rf4 Nh5 18. Re4 Ndf6 19. b4 Be7 20. Red4 e5 21. Bxf6 exd4 22. Bxe7 dxc3 23. Bxf8 Qxc4 24. Be7 Rc8 25. Bd6 Qc6 26. Kg2 Rd8 27. b5 Qc8 28. Rd4 Nf6 29. h4 Qe6 30. Be5 Rxd4 31. Bxd4 Nd5 32. h5 Qe7 33. Kf1 Qc7 34. Kg2 Kf8 35. f4 Qc8 36. Kg3 Qc4 37. Be5 Nf6 38. Kf3 Qd5+ 39. e4 Qxb5 40. Qxc3 Nxh5 41. Qc8+ Ke7 42. Qc7+ Qd7 43. Bd6+ Ke8 44. Qb8+ Qd8 45. f5 Qxb8 46. Bxb8 Nf6 47. Be5 Kd7 48. Bd4 Ne8 49. Kf4 f6 50. e5 fxe5+ 51. Kxe5 Ke7 52. f3 Nd6 53. a4 Nb7 54. Kf4 Kf7 55. Ke5 Na5 56. Kf4 Nc6 57. Bf2 Nb4 58. Ke3 Na6 59. Be1 Nc5 60. a5 bxa5 61. Bxa5 Nb3 62. Bc3 a5 63. Be5 a4 64. Bb2 h5 65. Kf4 Nd2 66. Bc3 Nb1 67. Ba1 a3 0-1

[Event "GER Cup19 sf21 serv"]
[Site "GER email"]
[Date "2013.07.14"]
[Round "?"]
[White "Buhmann, Thomas"]
[Black "Opitz, Peter"]
[Result "1-0"]
[WhiteElo "2140"]
[BlackElo "1950"]
[PlyCount "91"]
[EventDate "2013.07.20"]
[EventType "tourn (corr)"]
[EventRounds "6"]
[EventCountry "GER"]
[SourceTitle "Corr 2015"]
[Source "ChessBase"]
[SourceDate "2015.07.17"]
[SourceVersion "1"]
[SourceVersionDate "2015.07.17"]
[SourceQuality "1"]

1. d4 Nf6 2. c4 g6 3. Nc3 d5 4. Nf3 Bg7 5. Qb3 dxc4 6. Qxc4 0-0 7. e4 a6 8. e5 Nfd7 9. Be3 b5 10. Qd5 Nb6 11. Qe4 Bf5 12. Qh4 f6 13. g4 Be6 14. Bg2 b4 15. Ne4 Bd5 16. Nc5 N8d7 17. 0-0 Nxc5 18. dxc5 Nc4 19. Rad1 c6 20. exf6 exf6 21. Bc1 Qe7 22. b3 Bxf3 23. Bxf3 Ne5 24. Bg2 Qxc5 25. Be3 Qe7 26. h3 Rac8 27. Rfe1 Rfe8 28. f4 Nf7 29. Qf2 Qb7 30. Bf1 g5 31. Bd3 Rb8 32. Bf5 Rbd8 33. Rxd8 Rxd8 34. Bc5 Bf8 35. Bd4 Qb5 36. Kh2 Rd6 37. Be6 c5 38. Bxf6 Qc6 39. Bxf7+ Kxf7 40. fxg5 Rd3 41. Rf1 Kg8 42. Be5 Qe8 43. Kg2 Rd5 44. Ba1 Qe4+ 45. Kh2 Rd3 46. Qxf8# 1-0

[Event "GER-ch 2013-C-V7 serv"]
[Site "GER email"]
[Date "2013.06.17"]
[Round "?"]
[White "Scharf, Wolfgang"]
[Black "Opitz, Peter"]
[Result "1/2-1/2"]
[WhiteElo "1966"]
[BlackElo "1950"]
[PlyCount "31"]
[EventDate "2013.06.20"]
[EventType "tourn (corr)"]
[EventRounds "6"]
[EventCountry "GER"]
[SourceTitle "Corr 2015"]
[Source "ChessBase"]
[SourceDate "2015.07.17"]
[SourceVersion "1"]
[SourceVersionDate "2015.07.17"]
[SourceQuality "1"]

1. d4 Nf6 2. c4 g6 3. Nc3 d5 4. cxd5 Nxd5 5. e4 Nxc3 6. bxc3 Bg7 7. Nf3 c5 8. Be3 Qa5 9. Bd2 0-0 10. Be2 Bg4 11. 0-0 Rd8 12. Rb1 cxd4 13. cxd4 Qxa2 14. Ra1 Qb2 15. Rb1 Qa2 16. Ra1 1/2-1/2

[Event "GER-ch 2013-A-V9 serv"]
[Site "GER email"]
[Date "2013.02.16"]
[Round "?"]
[White "Opitz, Peter"]
[Black "Bittner, Axel"]
[Result "1/2-1/2"]
[WhiteElo "1963"]
[BlackElo "2066"]
[PlyCount "85"]
[EventDate "2013.02.25"]
[EventType "tourn (corr)"]
[EventRounds "6"]
[EventCountry "GER"]
[SourceTitle "Corr 2015"]
[Source "ChessBase"]
[SourceDate "2015.07.17"]
[SourceVersion "1"]
[SourceVersionDate "2015.07.17"]
[SourceQuality "1"]

1. Nf3 Nf6 2. g3 d5 3. Bg2 c5 4. 0-0 e6 5. d3 Nc6 6. Nbd2 Be7 7. e4 b6 8. b3 Bb7 9. Bb2 0-0 10. Qe2 Qc7 11. Rfe1 d4 12. c3 dxc3 13. Bxc3 Nd7 14. Rac1 Rac8 15. e5 Qb8 16. Red1 Rfd8 17. Nc4 b5 18. Ncd2 h6 19. Bb2 a5 20. d4 cxd4 21. Nxd4 Qxe5 22. Ne4 Nxd4 23. Bxd4 Qb8 24. Qxb5 Rxc1 25. Rxc1 Bxe4 26. Qxb8 Nxb8 27. Bb6 Rd6 28. Rc8+ Bf8 29. Rxf8+ Kxf8 30. Bc5 Ke7 31. Bxe4 Na6 32. Bxd6+ Kxd6 33. f4 Kc5 34. Kf2 Kb4 35. Bh7 Ka3 36. Bg8 Kxa2 37. Bxf7 Kb2 38. Bxe6 Nc5 39. Bd5 Nxb3 40. Bc6 Kc3 41. Ke3 Kc4 42. Ke4 Nd4 43. Ba4 1/2-1/2

[Event "GER-ch 2013-A-V9 serv"]
[Site "GER email"]
[Date "2013.02.16"]
[Round "?"]
[White "Opitz, Peter"]
[Black "Loeffler, Werner"]
[Result "1/2-1/2"]
[WhiteElo "1963"]
[BlackElo "2051"]
[PlyCount "179"]
[EventDate "2013.02.25"]
[EventType "tourn (corr)"]
[EventRounds "6"]
[EventCountry "GER"]
[SourceTitle "Corr 2015"]
[Source "ChessBase"]
[SourceDate "2015.07.17"]
[SourceVersion "1"]
[SourceVersionDate "2015.07.17"]
[SourceQuality "1"]

1. d4 d5 2. c4 c6 3. Nf3 Nf6 4. Nc3 e6 5. e3 Nbd7 6. Qc2 Bd6 7. Bd3 0-0 8. 0-0 dxc4 9. Bxc4 a6 10. Rd1 b5 11. Bd3 Bb7 12. Ng5 Bxh2+ 13. Kxh2 Ng4+ 14. Kg1 Qxg5 15. f3 Ngf6 16. e4 Qh4 17. Be3 Rfc8 18. Ne2 Ne8 19. a3 Qe7 20. Rac1 a5 21. Nf4 b4 22. axb4 axb4 23. Bf1 Nc7 24. Nd3 Ba6 25. Qd2 Bxd3 26. Bxd3 Ne8 27. Rc4 Rab8 28. Be2 Rb7 29. Rdc1 Rb6 30. Qe1 Qd6 31. Qh4 Qb8 32. Bd3 g6 33. Ra1 Ng7 34. Rc2 Qb7 35. b3 Qc7 36. Qh2 Qd8 37. Ra7 Ne8 38. d5 exd5 39. Rxd7 Qxd7 40. Bxb6 dxe4 41. Be2 exf3 42. Bxf3 Qd3 43. Rc1 Qxb3 44. Qf4 Qe6 45. Qxb4 c5 46. Bxc5 Qe5 47. Kf2 Qf5 48. Be3 Rxc1 49. Bxc1 Qc2+ 50. Bd2 h5 51. Kg1 Qc7 52. Bc3 Qd6 53. Qxd6 Nxd6 54. Kf2 Nf5 55. Bd5 Kf8 56. Kf3 Ke8 57. Kf4 Ke7 58. Kg5 Ne3 59. Bb4+ Kd7 60. Bxf7 Nxg2 61. Bxg6 Ke6 62. Bxh5 Ne3 63. Bc5 Nd5 64. Bf3 Ke5 65. Bf8 Ne3 66. Bg7+ Ke6 67. Kf4 Nd5+ 68. Ke4 Nf6+ 69. Kd4 Kf5 70. Bh6 Ke6 71. Bd2 Kf5 72. Bb7 Nh5 73. Bc8+ Kf6 74. Kd5 Kg6 75. Ke5 Ng7 76. Be1 Kf7 77. Bc3 Ke7 78. Ke4 Ne8 79. Ke5 Ng7 80. Bg4 Kf7 81. Be1 Ke7 82. Bd2 Kf7 83. Bb4 Kg6 84. Ba5 Kg5 85. Bh3 Kg6 86. Bc3 Kf7 87. Bg4 Kg6 88. Bd1 Ne8 89. Bb4 Ng7 90. Bc2+ 1/2-1/2

[Event "GER MS-171 email"]
[Site "GER email"]
[Date "2013.01.02"]
[Round "?"]
[White "Opitz, Peter"]
[Black "Koentges, Markus"]
[Result "0-1"]
[WhiteElo "1950"]
[BlackElo "2063"]
[PlyCount "66"]
[EventDate "2013.01.16"]
[EventType "tourn (corr)"]
[EventRounds "6"]
[EventCountry "GER"]
[SourceTitle "Corr 2015"]
[Source "ChessBase"]
[SourceDate "2015.07.17"]
[SourceVersion "1"]
[SourceVersionDate "2015.07.17"]
[SourceQuality "1"]

1. Nf3 e6 2. g3 b6 3. Bg2 Bb7 4. c4 f5 5. 0-0 Nf6 6. d4 Bd6 7. Nc3 0-0 8. Nb5 Be7 9. Bf4 d6 10. a4 a5 11. c5 Na6 12. cxb6 cxb6 13. Ng5 Bxg2 14. Kxg2 Qd7 15. Qb3 Nd5 16. Rac1 Rac8 17. Bd2 Bxg5 18. Bxg5 Nac7 19. Nxc7 Rxc7 20. Rxc7 Qxc7 21. Rc1 Qf7 22. Bd2 f4 23. f3 g5 24. Qd3 Kg7 25. Qe4 Kh8 26. Rh1 Rg8 27. Kf1 Rc8 28. Kf2 Qf5 29. Qxf5 exf5 30. Rc1 Rxc1 31. Bxc1 Kg7 32. gxf4 Nxf4 33. h4 h6 0-1

[Event "GER MS-167 email"]
[Site "GER email"]
[Date "2012.09.25"]
[Round "?"]
[White "Hebel, Erich"]
[Black "Opitz, Peter"]
[Result "1-0"]
[WhiteElo "1937"]
[BlackElo "1971"]
[PlyCount "103"]
[EventDate "2012.10.02"]
[EventType "tourn (corr)"]
[EventRounds "6"]
[EventCountry "GER"]
[SourceTitle "Corr 2015"]
[Source "ChessBase"]
[SourceDate "2015.07.17"]
[SourceVersion "1"]
[SourceVersionDate "2015.07.17"]
[SourceQuality "1"]

1. e4 e6 2. d4 d5 3. Nc3 Nf6 4. exd5 exd5 5. Nf3 Bg4 6. Be2 c6 7. h3 Bh5 8. Bg5 Bd6 9. Nh4 Bg6 10. Nxg6 hxg6 11. Qd3 Nbd7 12. 0-0-0 b5 13. Bf3 Kf8 14. Kb1 b4 15. Ne2 Qb6 16. g4 Re8 17. h4 Qb5 18. h5 gxh5 19. gxh5 Qxd3 20. cxd3 Ng8 21. Nc1 Nh6 22. Nb3 Nb8 23. Rc1 Kg8 24. Na5 Nf5 25. Nxc6 Nxc6 26. Rxc6 Nxd4 27. Rxd6 Nxf3 28. Be3 d4 29. Bxd4 Nxd4 30. Rxd4 Re2 31. f4 Rh6 32. Rxb4 a6 33. a4 Rf2 34. Ka2 g6 35. Rb6 Rxh5 36. Rxh5 gxh5 37. Rxa6 Kg7 38. Rc6 Rxf4 39. Ka3 Rf1 40. a5 h4 41. b4 f5 42. Rc2 f4 43. Ra2 h3 44. a6 h2 45. Rg2+ Kf7 46. Rxh2 Ra1+ 47. Ra2 Rxa2+ 48. Kxa2 f3 49. a7 f2 50. a8Q f1Q 51. Qd5+ Ke7 52. b5 1-0